Comunicação e Gestão de Conflitos na Escola (Registo nº 199317)

Detalhes MARC
000 -Etiqueta do registo
Valores 00716nam 22002173 4500
010 ## - Número ISBN
ISBN 972-735-036-4
021 ## - Número do Depósito Legal
Código do país Portugal
Número 107 344/97
100 ## - Dados gerais de processamento
Dados gerais 20251128d u||y0pory50 ba
101 ## - Língua de publicação
Língua Português
102 ## - País de publicação
País Portugal
200 ## - Titulo e menção de responsabilidade
Título próprio Comunicação e Gestão de Conflitos na Escola
Primeira menção de responsabilidade Margarida Gaspar de Matos
210 ## - Publicação
Local de publicação Lisboa
Nome do editor Universidade Técnica de Lisboa Faculdade de Motricidade Humana
Data de publicação 1997
215 ## - Descrição física 
Paginação / Volumes 161, [1] p.
Outras indicações físicas Brochado
Dimensões 25 cm
606 ## - Nome comum usado como assunto
ID Autoridade 5170
Palavra de ordem Ciências Sociais Educação
675 ## - CDU
Notação 373.3/.4(469)"1986/1996"/MAT/COM
Edição PT
Língua por
700 ## - Autor principal (pessoa individual)
ID Autoridade 7031
Apelido Matos
Nome Margarida Gaspar de
801 ## - Fonte de origem
País PT
Agência BMMN
Regras de catalogação RPC
830 ## - Notas gerais do catalogador
Criado por Carlos Pinto
Data de criação 28-11-2025
Indexado por Carlos Pinto
990 ## - Elementos KOHA
Tipo de documento Livro
Exemplares
Situação do levantamento Biblioteca de origem Código de barras Cota Permissão de empréstimo Tipo de documento Forma de aquisição
  Escola Secundária de Montemor-o-Novo 28153 373.3/.4(469)"1986/1996"/MAT/COM   Livro Compra

Powered by Koha